000 00799nam a2200325 a 4500
003 AR-BaBNM
005 20251128205409.0
008 082120s2002 ||||||||||||||000 | spa||
020 _a950-786-123-8
040 _cAR-BaBNM
100 1 _aOrtemberg, Osvaldo D.
245 0 0 _aMediación familiar
_baspectos jurídicos y prácticos
250 _a1ª ed.
260 _aBuenos Aires
_bBiblos
_c1996
300 _a183 p.
500 _aIndice p. 7-10
504 _aBibliografía p. 181-183
650 4 _aDERECHO DE FAMILIA
650 4 _aMEDIACION
650 4 _aABOGADOS
650 4 _aJUECES
650 4 _aCONSULTORES
650 4 _aFAMILIA
650 4 _aMATRIMONIO
650 4 _aDIVORCIO
650 4 _aNIÑOS
650 4 _aLEGISLACION ARGENTINA
942 _cBK
998 _cAndrea
999 _c11264
_d11264